The Methods of Murder, She Wrote - Statistics

General Stats
  • This quiz has been taken 94 times
  • The average score is 9 of 15
Answer Stats
Number of Occurances Method of Murder % Correct
91 Gunshot
95%
53 Stabbing
94%
30 Poisoning
80%
23 Strangulation
75%
14 Falling
71%
57 Bludgeon | Blunt Force Trauma
69%
7 Drowning
68%
3 Vehicular Homocide
62%
7 Vehicular Sabotage
62%
2 Fire
49%
2 Hanging
46%
4 Crossbow Bolt
42%
4 Smothering | Suffocation
34%
6 Electrocution
29%
6 Explosion
22%
No matching quizzes found
Score Distribution
Percent of People with Each Score
Percentile by Number Answered
Your Score History
You have not taken this quiz